Ciencias naturales: 6

Guardat en:
Dades bibliogràfiques
Autor principal: Báez Contreras, Mario (Autor)
Altres autors: Martens Albizú, Erich (autor)
Format: Llibre
Idioma:espanyol
Publicat: Santiago Universitaria 1997
Matèries:
Etiquetes: Afegir etiqueta
Sense etiquetes, Sigues el primer a etiquetar aquest registre!

MARC

LEADER 00000nam a2200000 a 4500
001 UCQ4673
003 CL-VaPUC
008 980910e19970000CL |||||||||||||||||spa|d
082 0 4 |a 372.35  |b BAE  |2 21 
100 |a Báez Contreras, Mario  |e author  |9 343368 
700 |a Martens Albizú, Erich  |e autor  |9 520668 
245 1 0 |a Ciencias naturales: 6 
300 |a 176 p 
942 |c BK 
945 |d 19980910 00:00:00  |a mvenant 
260 |a Santiago  |b Universitaria  |c 1997 
650 0 |a Ciencias naturales  |9 260542 
650 0 |a Educación básica   |9 224933 
650 7 |a ENSEÑANZA DE LAS CIENCIAS NATURALES  |2 CL-VaPUC  |9 418871 
650 0 |a Libros de texto  |9 270019 
583 |a last modification  |c 19980910 00:00:00  |k Rodrigo Vera 
999 |c 274988  |d 274986 
952 |0 0  |1 0  |4 0  |6 372_350000000000000_BAE_1997  |7 0  |8 P  |9 311448  |a BIBEDU  |b BIBEDU  |c BIBEDU_PB  |d 2019-11-20  |i 3460843  |o 372.35 BAE 1997  |p 3460843  |r 2024-01-25  |w 2019-11-20  |y BK  |k EPE 
952 |0 0  |1 0  |4 0  |6 372_350000000000000_BAE_1997  |7 0  |8 P  |9 311449  |a BIBEDU  |b BIBEDU  |c BIBEDU_PB  |d 2019-11-20  |i 3460851  |o 372.35 BAE 1997  |p 3460851  |r 2024-01-25  |w 2019-11-20  |y BK  |k EPE